Blast and ballistic loading of structures / (Record no. 546692)
[ view plain ]
| 000 -LEADER | |
|---|---|
| fixed length control field | 00739pam a2200205 a 4500 |
| 020 ## - INTERNATIONAL STANDARD BOOK NUMBER | |
| International Standard Book Number | 0750620242 : |
| 082 00 - DEWEY DECIMAL CLASSIFICATION NUMBER | |
| Classification number | 624.176 |
| Author Mark | SMI |
| -- | L-93,P-90 |
| 100 1# - MAIN ENTRY--PERSONAL NAME | |
| Personal name | Smith, P. D., |
| 9 (RLIN) | 39969 |
| 245 10 - TITLE STATEMENT | |
| Title | Blast and ballistic loading of structures / |
| Statement of responsibility, etc. | P.D. Smith, J.G. Hetherington. |
| 260 ## - PUBLICATION, DISTRIBUTION, ETC. | |
| Place of publication, distribution, etc. | Oxford ; |
| -- | Boston : |
| Name of publisher, distributor, etc. | Butterworth-Heinemann, |
| Date of publication, distribution, etc. | 1994. |
| 300 ## - PHYSICAL DESCRIPTION | |
| Extent | x, 320 p. : |
| Other physical details | ill. ; |
| Dimensions | 25 cm. |
| 526 ## - STUDY PROGRAM INFORMATION NOTE | |
| Program name | 0 |
| Interest level | 0 |
| Reading level | 0 |
| Title point value | 624_176000000000000_SMI |
| 650 #0 - SUBJECT ADDED ENTRY--TOPICAL TERM | |
| Topical term or geographic name entry element | Blast effect. |
| 9 (RLIN) | 42085 |
| 650 #0 - SUBJECT ADDED ENTRY--TOPICAL TERM | |
| Topical term or geographic name entry element | Structural design. |
| 650 #0 - SUBJECT ADDED ENTRY--TOPICAL TERM | |
| Topical term or geographic name entry element | Structural dynamics. |
| 9 (RLIN) | 10008 |
| 700 1# - ADDED ENTRY--PERSONAL NAME | |
| Personal name | Hetherington, J. G. |
| 9 (RLIN) | 42875 |
| 856 41 - ELECTRONIC LOCATION AND ACCESS | |
| Uniform Resource Identifier | <a href="http://www.loc.gov/catdir/toc/els051/94010813.html">http://www.loc.gov/catdir/toc/els051/94010813.html</a> |
| 856 42 - ELECTRONIC LOCATION AND ACCESS | |
| Uniform Resource Identifier | <a href="http://www.loc.gov/catdir/description/els051/94010813.html">http://www.loc.gov/catdir/description/els051/94010813.html</a> |
| 942 ## - ADDED ENTRY ELEMENTS (KOHA) | |
| Source of classification or shelving scheme | |
| Koha item type | Book |
| Withdrawn status | Lost status | Source of classification or shelving scheme | Damaged status | Not for loan | Permanent Location | Current Location | Date acquired | Total Checkouts | Full call number | Barcode | Date last seen | Date last checked out | Price effective from | Koha item type |
|---|---|---|---|---|---|---|---|---|---|---|---|---|---|---|
| Military College of Engineering (MCE) | Military College of Engineering (MCE) | 06/18/2014 | 1 | 624.176 SMI | MCE-41597 | 06/11/2018 | 03/28/2017 | 03/14/2021 | Book |
